Ключ земли: уральские сказы

Podrobná bibliografie
Hlavní autor: Бажов П. П. Павел Петрович
Další autoři: Кондратович А. (автор предисловия), Самойлов В. (иллюстратор)
Jazyk:ruština
Vydáno: Москва, Детская литература, 1989
Vydání:переиздание
Témata:
Médium: MixedMaterials Kniha
KOHA link:https://koha.lib.tpu.ru/cgi-bin/koha/opac-detail.pl?biblionumber=115815

MARC

LEADER 00000nam0a2200000 4500
001 115815
005 20231101215303.0
010 |a 508002237X 
035 |a (RuTPU)RU\TPU\book\125283 
090 |a 115815 
100 |a 20070515d1989 d y0rusy5003 ca 
101 0 |a rus 
102 |a RU 
105 |a a z 000ay 
200 1 |a Ключ земли  |e уральские сказы 
205 |a переиздание 
210 |a Москва  |c Детская литература  |d 1989 
215 |a 157,[2] с.  |c ил. 
327 1 |a Содерж.: Медной горы Хозяйка; Малахитовая шкатулка; Каменный цветок; Горный мастер; Приказчиковы подошвы; Иванко Крылатко; Коренная тайность; Живинка в деле; Васина гора; Рудяной перевал; Ключ земли, и др. сказы 
606 1 |a Русская литература современная  |2 stltpush  |3 (RuTPU)RU\TPU\subj\26373  |9 50316 
610 1 |a художественная литература 
610 1 |a детская литература 
610 1 |a сказы 
610 1 |a Урал 
675 |a Р2  |v 3 
700 1 |a Бажов  |b П. П.  |c русский писатель  |f 1879-1950  |g Павел Петрович  |2 stltpush  |3 (RuTPU)RU\TPU\pers\3670  |9 806 
702 1 |a Кондратович  |b А.  |4 080 
702 1 |a Самойлов  |b В.  |4 440 
801 0 |a RU  |b RuMRKP  |c 19950417  |g psbo 
801 1 |a RU  |b 63413507  |c 20070515  |g PSBO 
801 2 |a RU  |b 63413507  |c 20221207  |g PSBO 
942 |c BK